Alaska Airlines Destinations from BOI (Boise) - Statistics

General Stats
  • This quiz has been taken 20 times
  • The average score is 13 of 16
Answer Stats
Hint Answer % Correct
California Los Angeles
100%
Arizona Phoenix - Sky Harbor
100%
Washington Seattle/Tacoma
100%
Washington Spokane
100%
Nevada Las Vegas
94%
Oregon Portland
94%
California San Diego
94%
California San Francisco
94%
Florida (Seasonal) Orlando
88%
California Sacramento
81%
California San Jose
69%
Montana (Seasonal) Bozeman
63%
California Burbank
56%
California Orange County
56%
California (Seasonal) Palm Springs
50%
Washington Pullman/Moscow
50%
No matching quizzes found
Score Distribution
Percent of People with Each Score
Percentile by Number Answered
Your Score History
You have not taken this quiz